[Event "XXXIII Miedzynarodowy Turniej Szachowy o Puchar Wojewody Dolnoslaskiego"]
[Site "Legnica"]
[Date "1899-12-30"]
[Round "1.1"]
[White "Simantsev, Mikhail"]
[Black "Teclaf, Pawel"]
[Result "1-0"]
[WhiteTitle "GM"]
[BlackTitle "CM"]
[WhiteElo "2490"]
[BlackElo "2393"]

1. d4 Nf6 2. c4 g6 3. Nc3 d5 4. Bf4 Bg7 5. e3 O-O 6. Rc1 c6 7. Nf3 dxc4 8. Bxc4
Nbd7 9. O-O Nb6 10. Bb3 Nfd5 11. Bg3 a5 12. a3 Bf5 13. Qe2 Be6 14. Ne4 Nd7 15.
Qc2 h6 16. Nc3 N7b6 17. Nd2 Rc8 18. Nde4 Bf5 19. Qe2 e5 20. Rfd1 Nxc3 21. Nxc3
exd4 22. exd4 Qd7 23. h3 Rfe8 24. Qf3 Be6 25. Bc2 f5 26. Na4 Nxa4 27. Bxa4 Kh7
28. Be5 Bd5 29. Qc3 Qe7 30. f4 b6 31. Kh2 Qf7 32. Qe3 Qe6 33. Rc3 Qd7 34. Rdc1
b5 35. Bb3 Be4 36. Bc2 Bd5 37. Bb3 Be4 38. Bc2 Bd5 39. Bd3 b4 40. axb4 axb4 41.
R3c2 Be6 42. Ba6 Bf8 43. Bxc8 Rxc8 44. Ra1 Bd5 45. Rcc1 Qb7 46. Ra5 Re8 47. Rca1
Re7 48. Qe2 Rf7 49. Ra8 Qe7 50. Rb8 Bg7 51. Raa8 Bf8 52. Re8 c5 53. Ra7 1-0

[Event "XXXIII Miedzynarodowy Turniej Szachowy o Puchar Wojewody Dolnoslaskiego"]
[Site "Legnica"]
[Date "1899-12-30"]
[Round "1.2"]
[White "Simacek, Pavel"]
[Black "Tomczak, Mikolaj"]
[Result "1-0"]
[WhiteTitle "IM"]
[BlackTitle "FM"]
[WhiteElo "2490"]
[BlackElo "2372"]

1. d4 d5 2. Nf3 Nf6 3. Bg5 c6 4. Bxf6 exf6 5. e3 Bd6 6. Nbd2 f5 7. Bd3 g6 8. c4
dxc4 9. Nxc4 Bb4+ 10. Nfd2 c5 11. O-O cxd4 12. exd4 O-O 13. Nf3 Nc6 14. Qb3 Be6
15. a3 Be7 16. Be2 Rc8 17. Rac1 Bg5 18. Nxg5 Qxg5 19. Qxb7 Nxd4 20. Bd3 f4 21.
f3 Rfd8 22. Kh1 Qh4 23. Ne5 Rxc1 24. Rxc1 Nb3 25. Rf1 Nc5 26. Qb5 Rd5 27. Bc4
Qd8 28. Nc6 Qd6 29. Bxd5 Bxd5 30. Qb8+ Qxb8 31. Nxb8 Nd3 32. b4 1-0

[Event "XXXIII Miedzynarodowy Turniej Szachowy o Puchar Wojewody Dolnoslaskiego"]
[Site "Legnica"]
[Date "1899-12-30"]
[Round "1.3"]
[White "Grela, Kacper"]
[Black "Sieciechowicz, Marcin"]
[Result "0-1"]
[WhiteTitle "FM"]
[BlackTitle "IM"]
[WhiteElo "2293"]
[BlackElo "2387"]

1. e4 e6 2. d4 d5 3. exd5 exd5 4. Nf3 Nc6 5. Bb5 Nge7 6. O-O a6 7. Bxc6+ Nxc6 8.
Bg5 f6 9. Bf4 Be7 10. Qd3 Be6 11. Re1 Qd7 12. Nbd2 g5 13. Bg3 Bf5 14. Qb3 O-O-O
15. c4 Bb4 16. Red1 h5 17. h4 g4 18. Ne1 Rhe8 19. cxd5 Qxd5 20. Nc4 Bxe1 21. Rxe1
Rxe1+ 22. Rxe1 Nxd4 23. Qc3 Qc6 24. Re7 Nb5 25. Qb3 Qc5 26. Re1 Rd3 27. Re8+ Kd7
28. Ne5+ fxe5 29. Qf7+ Kc6 30. Qxf5 Rd1+ 31. Kh2 Nd6 32. Re6 Qc1 33. Bxe5 Rh1+
34. Kg3 Rh3+ 35. gxh3 Qg1+ 36. Bf6 0-1

[Event "XXXIII Miedzynarodowy Turniej Szachowy o Puchar Wojewody Dolnoslaskiego"]
[Site "Legnica"]
[Date "1899-12-30"]
[Round "1.4"]
[White "Kriebel, Tadeas"]
[Black "Cyborowski, Lukasz"]
[Result "1/2-1/2"]
[WhiteTitle "IM"]
[BlackTitle "GM"]
[WhiteElo "2515"]
[BlackElo "2514"]

1. c4 e5 2. g3 Nc6 3. Bg2 g6 4. Nc3 Bg7 5. e4 Nd4 6. Nge2 Nxe2 7. Qxe2 Ne7 8. O-O
O-O 9. d3 d6 10. f4 Nc6 11. Be3 Nd4 12. Qd2 c6 13. Rf2 Be6 14. Raf1 f5 15. fxe5
dxe5 16. Bh6 Qd6 17. Bxg7 Kxg7 18. exf5 Rxf5 19. Ne4 Qe7 20. g4 Rxf2 21. Nxf2
Rf8 22. Qe3 Bc8 23. Re1 Re8 24. Qd2 h6 25. h3 b6 26. Ne4 Rf8 27. Rf1 Rxf1+ 28.
Kxf1 c5 29. Nc3 Qf6+ 30. Kg1 Qf4 31. Qe1 Be6 32. Be4 h5 33. gxh5 gxh5 34. Kg2
h4 35. Nd1 Qg5+ 36. Kh2 Qf4+ 37. Kg2 Qg5+ 38. Kh2 Bf5 39. Qe3 Kf6 40. Bxf5 Nxf5
41. Qxg5+ Kxg5 42. Kg2 Kf4 43. Kf2 e4 44. dxe4 Nd6 45. e5 Ne4+ 46. Kg2 Ng5 47.
Nc3 Kxe5 48. Nb5 a6 49. Nc7 Kd4 50. b3 Kc3 51. Nxa6 Kb2 52. b4 cxb4 1/2-1/2

[Event "XXXIII Miedzynarodowy Turniej Szachowy o Puchar Wojewody Dolnoslaskiego"]
[Site "Legnica"]
[Date "1899-12-30"]
[Round "1.5"]
[White "Czarnota, Pawel"]
[Black "Kislinsky, Alexey"]
[Result "1-0"]
[WhiteTitle "GM"]
[BlackTitle "GM"]
[WhiteElo "2556"]
[BlackElo "2513"]

1. e4 c5 2. Nf3 Nc6 3. d4 cxd4 4. Nxd4 g6 5. c4 d6 6. Nc3 Bg7 7. Be3 Qb6 8. Ndb5
Qa5 9. Be2 a6 10. Nd4 Nxd4 11. Bxd4 Bxd4 12. Qxd4 Nf6 13. O-O Be6 14. b4 Qe5 15.
Qxe5 dxe5 16. Rfd1 O-O 17. f3 Rfd8 18. Rxd8+ Rxd8 19. Rd1 Rd4 20. Nd5 Nxd5 21.
exd5 Bf5 22. Kf2 Bc2 23. Rxd4 exd4 24. c5 Kf8 25. b5 axb5 26. Bxb5 Bf5 27. a4
e5 28. c6 Bc8 29. d6 bxc6 30. Bxc6 Ba6 31. f4 f6 32. fxe5 fxe5 33. Kf3 Kf7 34.
Ke4 Ke6 35. d7 Ke7 36. Kxe5 d3 37. Bf3 d2 38. g3 Kxd7 39. Kd4 Kd6 40. Ke3 Kc5
41. Kxd2 Kb4 42. Bd1 g5 43. Ke3 Bc8 44. Ke4 Kc3 45. Be2 Kd2 46. Bb5 h5 47. Kd4
h4 48. a5 Ke1 49. Ke4 1-0

[Event "XXXIII Miedzynarodowy Turniej Szachowy o Puchar Wojewody Dolnoslaskiego"]
[Site "Legnica"]
[Date "1899-12-30"]
[Round "2.1"]
[White "Teclaf, Pawel"]
[Black "Kislinsky, Alexey"]
[Result "1-0"]
[WhiteTitle "CM"]
[BlackTitle "GM"]
[WhiteElo "2393"]
[BlackElo "2513"]

1. e4 c5 2. Nf3 Nc6 3. d4 cxd4 4. Nxd4 g6 5. c4 Nf6 6. Nc3 d6 7. f3 Bg7 8. Be3
O-O 9. Qd2 Bd7 10. Rc1 a5 11. b3 Nxd4 12. Bxd4 Bc6 13. Be2 Nd7 14. Be3 Nc5 15.
O-O Qb6 16. Nb5 Rfc8 17. Rfd1 Qd8 18. Bf1 Qf8 19. Nc3 h5 20. Bg5 Kh7 21. Re1 Ne6
22. Be3 Qh8 23. Nd5 Bxd5 24. exd5 Nd4 25. Bd3 Bf6 26. Kh1 a4 27. b4 Kg8 28. Bb1
Rc7 29. Red1 Nf5 30. Bxf5 gxf5 31. c5 Rac8 32. Qc2 Bb2 33. Rb1 a3 34. Qxf5 Qe5
35. Qd3 dxc5 36. bxc5 Rd7 37. f4 Qf6 38. Qe4 Rcd8 39. Rd3 e6 40. d6 Qg6 41. Qxg6+
fxg6 42. Rb3 Rc8 43. g3 Kf7 44. Kg2 e5 45. fxe5 Ke6 46. Rf1 Kxe5 47. Bg1 Kd5 48.
Rd1+ Kc4 49. Re1 b5 50. cxb6 Rb8 51. Rd1 g5 52. Rbd3 Re8 53. R3d2 Re6 54. Rc2+
Kb5 55. Rd5+ Ka6 56. Rc7 Rexd6 57. Rxd7 1-0

[Event "XXXIII Miedzynarodowy Turniej Szachowy o Puchar Wojewody Dolnoslaskiego"]
[Site "Legnica"]
[Date "1899-12-30"]
[Round "2.2"]
[White "Cyborowski, Lukasz"]
[Black "Czarnota, Pawel"]
[Result "1/2-1/2"]
[WhiteTitle "GM"]
[BlackTitle "GM"]
[WhiteElo "2514"]
[BlackElo "2556"]

1. c4 c6 2. e4 d5 3. exd5 cxd5 4. d4 Nf6 5. Nc3 e6 6. Nf3 Bb4 7. Bd3 dxc4 8. Bxc4
O-O 9. O-O b6 10. Bg5 Bb7 11. Ne5 Nbd7 12. Nxd7 Qxd7 13. Bxf6 gxf6 14. d5 Bxc3
15. bxc3 Bxd5 16. Qg4+ Kh8 17. Qf4 Bxc4 18. Qxf6+ Kg8 19. Qg5+ Kh8 20. Qf6+ Kg8
21. Qg5+ Kh8 22. Qf6+ 1/2-1/2

[Event "XXXIII Miedzynarodowy Turniej Szachowy o Puchar Wojewody Dolnoslaskiego"]
[Site "Legnica"]
[Date "1899-12-30"]
[Round "2.3"]
[White "Sieciechowicz, Marcin"]
[Black "Kriebel, Tadeas"]
[Result "1/2-1/2"]
[WhiteTitle "IM"]
[BlackTitle "IM"]
[WhiteElo "2387"]
[BlackElo "2515"]

1. d4 d5 2. c4 dxc4 3. e3 e5 4. Bxc4 exd4 5. exd4 Bd6 6. Nf3 Nf6 7. O-O O-O 8.
Nc3 Nc6 9. h3 h6 10. a3 Bf5 11. Re1 a6 12. b4 Qd7 13. Ne5 Bxe5 14. dxe5 Qxd1 15.
Nxd1 Nd7 16. e6 fxe6 17. Bb2 Nb6 18. Bb3 Rad8 19. g4 Bg6 20. Bxe6+ Bf7 21. Bxf7+
Rxf7 22. Re2 Nd5 23. Rd2 Rfd7 24. h4 Nf4 25. Rxd7 Rxd7 26. Ne3 Rd2 27. Bc1 Rd3
28. Kf1 Ne5 29. Bb2 Nf3 30. h5 Rb3 31. Bc1 Nd4 32. Nf5 Nfe6 33. Nxd4 Nxd4 34.
Kg2 c6 35. Ra2 Nb5 36. Rd2 Nxa3 37. Rd8+ Kh7 38. f4 Rc3 39. Bd2 Rc2 40. g5 hxg5
41. fxg5 g6 42. Rd7+ Kg8 43. Kf3 gxh5 44. g6 Nc4 45. Bf4 Rd2 46. Rxb7 Rd5 47.
Ke4 Nd6+ 48. Bxd6 Rxd6 49. Kf5 h4 50. Kg5 h3 51. Kh6 Rd8 52. Rg7+ Kh8 53. Rh7+
1/2-1/2

[Event "XXXIII Miedzynarodowy Turniej Szachowy o Puchar Wojewody Dolnoslaskiego"]
[Site "Legnica"]
[Date "1899-12-30"]
[Round "2.5"]
[White "Simantsev, Mikhail"]
[Black "Simacek, Pavel"]
[Result "1-0"]
[WhiteTitle "GM"]
[BlackTitle "IM"]
[WhiteElo "2490"]
[BlackElo "2490"]

1. d4 Nf6 2. c4 c5 3. d5 e6 4. Nc3 exd5 5. cxd5 d6 6. Nf3 g6 7. Bf4 a6 8. a4 Bg7
9. e3 O-O 10. h3 Re8 11. Nd2 Nbd7 12. Be2 Ne5 13. O-O Nfd7 14. Re1 f5 15. Qc2
b6 16. Rab1 Qc7 17. b3 Nf7 18. Rbd1 Nf6 19. Bh2 Bd7 20. Bd3 Re7 21. Ndb1 Ne5 22.
Be2 Nf7 23. Na3 Ne4 24. Nxe4 Rxe4 25. Bd3 Ree8 26. b4 Rec8 27. Rc1 Qb7 28. Qb3
Rc7 29. b5 axb5 30. Nxb5 Rcc8 31. e4 fxe4 32. Rxe4 Bf5 33. Rh4 Bxd3 34. Qxd3 Qd7
35. Re4 Re8 36. Rce1 Rxe4 37. Qxe4 Be5 38. f4 Bg7 39. Qe6 Qd8 40. f5 gxf5 41.
Nxd6 Qf6 42. Nxf5 c4 43. Rf1 Qxe6 44. dxe6 Ng5 45. Nxg7 Kxg7 46. Be5+ Kg8 47.
e7 Ne4 48. Rf4 Nc5 49. Bd6 Nd7 50. Rxc4 Kf7 51. Rf4+ Ke6 52. Rf8 Kd5 1-0

[Event "XXXIII Miedzynarodowy Turniej Szachowy o Puchar Wojewody Dolnoslaskiego"]
[Site "Legnica"]
[Date "1899-12-30"]
[Round "3.1"]
[White "Simacek, Pavel"]
[Black "Teclaf, Pawel"]
[Result "1/2-1/2"]
[WhiteTitle "IM"]
[BlackTitle "CM"]
[WhiteElo "2490"]
[BlackElo "2393"]

1. d4 Nf6 2. Bg5 e6 3. e4 h6 4. Bxf6 Qxf6 5. Nc3 d6 6. Qd2 Qe7 7. f4 g6 8. Nf3
Bg7 9. e5 O-O 10. Bd3 Rd8 11. Ne4 b6 12. h4 Ba6 13. Bxa6 Nxa6 14. h5 dxe5 15.
fxe5 Nc5 16. Nf6+ Bxf6 17. exf6 Qxf6 18. hxg6 Qxg6 19. O-O-O Ne4 20. Qxh6 Qxh6+
21. Rxh6 Kg7 22. Rdh1 Rh8 23. Rxh8 Rxh8 24. Rxh8 Kxh8 25. Kd1 Kg7 26. Ke2 Kf6
27. Ke3 Ng3 28. Kf4 Ne2+ 29. Kg4 Ke7 30. a3 Kd6 31. c3 f5+ 1/2-1/2

[Event "XXXIII Miedzynarodowy Turniej Szachowy o Puchar Wojewody Dolnoslaskiego"]
[Site "Legnica"]
[Date "1899-12-30"]
[Round "3.2"]
[White "Grela, Kacper"]
[Black "Simantsev, Mikhail"]
[Result "1/2-1/2"]
[WhiteTitle "FM"]
[BlackTitle "GM"]
[WhiteElo "2293"]
[BlackElo "2490"]

1. e4 c5 2. c3 Nf6 3. e5 Nd5 4. d4 cxd4 5. Nf3 e6 6. cxd4 d6 7. Bc4 Nc6 8. O-O
Be7 9. exd6 Qxd6 10. Nc3 Nxc3 11. bxc3 O-O 12. Bd3 b6 13. Ng5 Bxg5 14. Bxg5 Bb7
15. Qh5 f5 16. Qe2 Rfe8 17. Rfe1 Na5 18. Rac1 Rac8 19. Bb5 Bc6 20. Ba6 Rc7 21.
f3 Qd5 22. Qf2 Nc4 23. Bxc4 Qxc4 24. Re5 Bd5 25. Bf4 Rd7 26. Re2 Rc8 27. h4 Qd3
28. Rd2 Qb5 29. h5 h6 30. Rb2 Qa4 1/2-1/2

[Event "XXXIII Miedzynarodowy Turniej Szachowy o Puchar Wojewody Dolnoslaskiego"]
[Site "Legnica"]
[Date "1899-12-30"]
[Round "3.3"]
[White "Kriebel, Tadeas"]
[Black "Tomczak, Mikolaj"]
[Result "1-0"]
[WhiteTitle "IM"]
[BlackTitle "FM"]
[WhiteElo "2515"]
[BlackElo "2372"]

1. e4 c5 2. Nf3 Nc6 3. d4 cxd4 4. Nxd4 e6 5. Nc3 Qc7 6. Be3 a6 7. Be2 Nf6 8. a3
Be7 9. f4 d6 10. g4 Nxd4 11. Qxd4 e5 12. Qd3 Bxg4 13. Bxg4 Nxg4 14. O-O-O Nxe3
15. Qxe3 exf4 16. Qxf4 Rc8 17. Rd2 Qd8 18. Rg1 Bf6 19. Rxd6 Qe7 20. Nd5 Be5 21.
Qf5 Rxc2+ 22. Kxc2 Qxd6 23. Rg5 Qc6+ 24. Kb1 Bd4 25. Qf4 h6 26. Rf5 f6 27. Qg3
Kf7 28. Qb3 Kf8 29. Qb4+ Bc5 30. Qc3 Bd6 31. Qf3 Ke8 32. Qg4 Qd7 33. Nb6 h5 34.
Re5+ 1-0

[Event "XXXIII Miedzynarodowy Turniej Szachowy o Puchar Wojewody Dolnoslaskiego"]
[Site "Legnica"]
[Date "1899-12-30"]
[Round "3.4"]
[White "Czarnota, Pawel"]
[Black "Sieciechowicz, Marcin"]
[Result "1-0"]
[WhiteTitle "GM"]
[BlackTitle "IM"]
[WhiteElo "2556"]
[BlackElo "2387"]

1. e4 e6 2. d4 d5 3. Nd2 Nf6 4. e5 Nfd7 5. Bd3 c5 6. c3 b6 7. Nh3 Ba6 8. Bxa6 Nxa6
9. O-O Be7 10. a3 O-O 11. Qg4 Nc7 12. Nf4 Rc8 13. Re1 Re8 14. Nf3 a5 15. a4 Nf8
16. h4 cxd4 17. Nxd4 Bxh4 18. Nc6 Qd7 19. Na7 Ra8 20. Qxh4 Rxa7 21. Nh5 Ng6 22.
Qf6 gxf6 23. Nxf6+ Kg7 24. Nxd7 Rb7 25. b4 Na6 26. Nf6 Rc8 27. Rb1 Rbc7 28. Bd2
Nb8 29. bxa5 bxa5 30. Rb5 Rc4 31. Rb7 R4c7 32. Rxc7 1-0

[Event "XXXIII Miedzynarodowy Turniej Szachowy o Puchar Wojewody Dolnoslaskiego"]
[Site "Legnica"]
[Date "1899-12-30"]
[Round "3.5"]
[White "Kislinsky, Alexey"]
[Black "Cyborowski, Lukasz"]
[Result "1/2-1/2"]
[WhiteTitle "GM"]
[BlackTitle "GM"]
[WhiteElo "2513"]
[BlackElo "2514"]

1. e4 e5 2. Nf3 Nf6 3. Nxe5 d6 4. Nf3 Nxe4 5. c4 Nc6 6. Nc3 Nxc3 7. dxc3 Be7 8.
Bf4 Bf5 9. Qd2 Qd7 10. O-O-O O-O-O 11. h3 h6 12. g4 Be4 13. Bg2 g5 14. Be3 f5
15. gxf5 Qxf5 16. Nd4 Nxd4 17. Bxe4 Qxe4 18. Bxd4 Rh7 19. Rhe1 Qf5 20. Be3 Rf8
21. Qd4 b6 22. a4 Kb8 23. Qg4 h5 24. Qxf5 Rxf5 25. Rd5 Rf3 26. Rh1 Rhf7 27. Kd1
R3f5 28. Ke2 Kc8 29. Rg1 Kd7 30. Rxf5 Rxf5 1/2-1/2

[Event "XXXIII Miedzynarodowy Turniej Szachowy o Puchar Wojewody Dolnoslaskiego"]
[Site "Legnica"]
[Date "1899-12-30"]
[Round "4.1"]
[White "Teclaf, Pawel"]
[Black "Cyborowski, Lukasz"]
[Result "1/2-1/2"]
[WhiteTitle "CM"]
[BlackTitle "GM"]
[WhiteElo "2393"]
[BlackElo "2514"]

1. e4 d6 2. d4 Nf6 3. Nc3 e5 4. Nf3 Nbd7 5. Bc4 Be7 6. O-O O-O 7. Re1 c6 8. a4
a5 9. h3 exd4 10. Nxd4 Nb6 11. Ba2 d5 12. exd5 Nbxd5 13. Nxd5 Nxd5 14. Bxd5 cxd5
15. Bf4 Bc5 16. Nb5 Be6 17. Be3 b6 18. Qd2 Qd7 19. Bd4 Rfe8 20. Qg5 Bxd4 21. Nxd4
f6 22. Qd2 Bf7 23. Nb5 Rac8 24. c3 Rcd8 25. Qf4 Qc6 26. Rxe8+ Rxe8 27. Rd1 Re5
28. Rd3 Re4 29. Qb8+ Re8 30. Qf4 Re4 31. Qb8+ Re8 32. Qg3 Re5 33. Re3 Qe6 34.
Nd4 1/2-1/2

[Event "XXXIII Miedzynarodowy Turniej Szachowy o Puchar Wojewody Dolnoslaskiego"]
[Site "Legnica"]
[Date "1899-12-30"]
[Round "4.2"]
[White "Sieciechowicz, Marcin"]
[Black "Kislinsky, Alexey"]
[Result "1-0"]
[WhiteTitle "IM"]
[BlackTitle "GM"]
[WhiteElo "2387"]
[BlackElo "2513"]

1. d4 Nf6 2. c4 c5 3. d5 b5 4. Nf3 g6 5. cxb5 a6 6. b6 Qxb6 7. Nc3 Bg7 8. a4 d6
9. Nd2 O-O 10. a5 Qd8 11. e4 e6 12. Be2 exd5 13. exd5 Re8 14. O-O Nbd7 15. Nc4
Ne4 16. Nxe4 Rxe4 17. Nxd6 Rd4 18. Qc2 Nf6 19. Nxc8 Rxc8 20. Bxa6 Ra8 21. Bb7
Rxa5 22. Be3 Ng4 23. Rxa5 Qxa5 24. Bxd4 Bxd4 25. g3 Bxf2+ 26. Rxf2 Qe1+ 27. Rf1
Qxf1+ 28. Kxf1 Ne3+ 29. Ke2 Nxc2 30. Kd3 Ne1+ 31. Kc4 Kf8 32. Kxc5 Ke7 33. Kc6
Kd8 34. b4 Nd3 35. b5 f5 36. b6 g5 37. Kd6 f4 38. Ba6 Nb4 39. Be2 Kc8 40. Kc5
1-0

[Event "XXXIII Miedzynarodowy Turniej Szachowy o Puchar Wojewody Dolnoslaskiego"]
[Site "Legnica"]
[Date "1899-12-30"]
[Round "4.3"]
[White "Tomczak, Mikolaj"]
[Black "Czarnota, Pawel"]
[Result "1/2-1/2"]
[WhiteTitle "FM"]
[BlackTitle "GM"]
[WhiteElo "2372"]
[BlackElo "2556"]

1. e4 c6 2. d4 d5 3. Nd2 dxe4 4. Nxe4 Bf5 5. Ng3 Bg6 6. h4 h6 7. Nf3 Nd7 8. h5
Bh7 9. Bd3 Bxd3 10. Qxd3 e6 11. Bd2 Ngf6 12. O-O-O Be7 13. Ne4 Nxe4 14. Qxe4 Nf6
15. Qe2 Qd5 16. Kb1 O-O 17. Ne5 Qe4 18. Qxe4 Nxe4 19. Be1 Rfd8 20. f3 Nf6 21.
Bf2 a5 22. g4 a4 23. c4 Nd7 24. Kc2 Rac8 25. Be1 Nxe5 26. dxe5 Rxd1 27. Kxd1 Rd8+
28. Kc2 Rd4 29. b3 axb3+ 30. axb3 b5 31. Bc3 Rf4 32. cxb5 cxb5 33. Rh3 Bg5 34.
Kd3 f5 35. exf6 Bxf6 36. Bd2 Rd4+ 37. Kc2 e5 38. Be3 Rd7 39. Rh1 Kf7 40. Rd1 Rxd1
41. Kxd1 Ke6 42. Ke2 Kd5 43. Kd3 Be7 44. Bc1 b4 45. Bd2 1/2-1/2

[Event "XXXIII Miedzynarodowy Turniej Szachowy o Puchar Wojewody Dolnoslaskiego"]
[Site "Legnica"]
[Date "1899-12-30"]
[Round "4.4"]
[White "Simantsev, Mikhail"]
[Black "Kriebel, Tadeas"]
[Result "1-0"]
[WhiteTitle "GM"]
[BlackTitle "IM"]
[WhiteElo "2490"]
[BlackElo "2515"]

1. d4 d5 2. c4 dxc4 3. Nf3 Nf6 4. e3 Bg4 5. Bxc4 e6 6. O-O Nc6 7. Nbd2 a6 8. h3
Bh5 9. Be2 Bd6 10. Nc4 O-O 11. b3 b5 12. Ncd2 Nd5 13. Bb2 f5 14. Rc1 Nce7 15.
Ng5 Bxe2 16. Qxe2 Qd7 17. Ngf3 Qe8 18. Ne5 Bxe5 19. dxe5 f4 20. Qg4 Ng6 21. e4
Nb4 22. Rxc7 Nd3 23. Ba1 f3 24. Nxf3 Rf4 25. Qg3 Rc8 26. Rxc8 Qxc8 27. Nh4 Qc2
28. Nxg6 hxg6 29. f3 Qxa2 30. Bd4 Qxb3 31. Ra1 Rf8 32. Rxa6 Nf4 33. Kh2 Qd3 34.
Bc5 Rf7 35. Qh4 Nh5 36. Rxe6 Qd2 37. Rxg6 Rxf3 38. Rd6 Rxh3+ 39. Kxh3 Nf4+ 40.
Kg4 Qxg2+ 41. Kxf4 Qf1+ 42. Bf2 Qc1+ 43. Kf5 Qc8+ 44. e6 1-0

[Event "XXXIII Miedzynarodowy Turniej Szachowy o Puchar Wojewody Dolnoslaskiego"]
[Site "Legnica"]
[Date "1899-12-30"]
[Round "4.5"]
[White "Simacek, Pavel"]
[Black "Grela, Kacper"]
[Result "1-0"]
[WhiteTitle "IM"]
[BlackTitle "FM"]
[WhiteElo "2490"]
[BlackElo "2293"]

1. d4 d5 2. Bg5 Nf6 3. Bxf6 gxf6 4. e3 c5 5. dxc5 e6 6. c4 dxc4 7. Qxd8+ Kxd8 8.
Bxc4 Bxc5 9. Ne2 a6 10. Nbc3 Nc6 11. Nf4 Be7 12. O-O-O Kc7 13. Be2 b6 14. Bf3
Re8 15. Rd2 Bb7 16. Rhd1 Rad8 17. Ncd5+ exd5 18. Nxd5+ Rxd5 19. Bxd5 Ne5 20. Rc2+
Kb8 21. Bxb7 Kxb7 22. f4 Ng6 23. Rd7+ Kb8 24. Rcc7 Rc8 25. Rxc8+ Kxc8 26. Ra7
Bc5 27. Rxf7 Bxe3+ 28. Kc2 h5 29. g3 Bg1 30. h3 Bf2 31. Rg7 Nf8 32. Rg8 Bc5 33.
Rh8 Kd7 34. Rxh5 Bf2 35. g4 Kd6 36. Kd3 Ne6 37. Ke4 Bg3 38. Rh6 Ke7 39. f5 Nf4
40. h4 Nh3 41. Kd5 Kf7 42. Kc6 Bf2 43. b4 Ng1 44. g5 fxg5 45. hxg5 Nf3 46. Rf6+
Ke7 47. Re6+ Kd8 48. Rd6+ Ke8 49. g6 a5 50. Kd5 Nd4 51. g7 Kf7 52. f6 1-0

[Event "XXXIII Miedzynarodowy Turniej Szachowy o Puchar Wojewody Dolnoslaskiego"]
[Site "Legnica"]
[Date "1899-12-30"]
[Round "5.1"]
[White "Grela, Kacper"]
[Black "Teclaf, Pawel"]
[Result "1-0"]
[WhiteTitle "FM"]
[BlackTitle "CM"]
[WhiteElo "2293"]
[BlackElo "2393"]

1. e4 e6 2. d4 d5 3. Nd2 a6 4. Ngf3 Nf6 5. e5 Nfd7 6. Bd3 c5 7. c3 Nc6 8. O-O g5
9. b3 g4 10. Ne1 cxd4 11. cxd4 Nxd4 12. Qxg4 Nc6 13. f4 Nc5 14. Bb2 Qb6 15. Rf2
Na4 16. bxa4 Bc5 17. Qg7 Rf8 18. Nb3 Bxf2+ 19. Kh1 Bxe1 20. Rxe1 Qb4 21. Rc1 Bd7
22. Qf6 Rc8 23. h4 Na5 24. Nxa5 Qxb2 25. Rb1 Rc1+ 26. Rxc1 Qxc1+ 27. Kh2 Qc7 28.
Nb3 Qd8 29. Qh6 Qb6 30. Bxh7 Qf2 31. Qf6 b6 32. h5 d4 33. Be4 Rg8 34. Bf3 d3 35.
h6 Qg3+ 36. Kh1 Qg6 37. g4 Qh7 38. Qh4 Bxa4 39. Nd2 Rh8 40. g5 Kf8 41. Be4 f5
42. exf6 Qc7 43. g6 Qc1+ 44. Kh2 Qxd2+ 45. Bg2 Bc6 46. g7+ Kf7 47. Qh5+ Kg8 48.
f7+ 1-0

[Event "XXXIII Miedzynarodowy Turniej Szachowy o Puchar Wojewody Dolnoslaskiego"]
[Site "Legnica"]
[Date "1899-12-30"]
[Round "5.2"]
[White "Kriebel, Tadeas"]
[Black "Simacek, Pavel"]
[Result "1/2-1/2"]
[WhiteTitle "IM"]
[BlackTitle "IM"]
[WhiteElo "2515"]
[BlackElo "2490"]

1. c4 c6 2. e4 e5 3. d4 d6 4. Nc3 Nf6 5. Nge2 Be7 6. f3 O-O 7. Be3 Nbd7 8. d5 cxd5
9. cxd5 Nh5 10. Qd2 Nb6 11. b3 h6 12. g4 Bh4+ 13. Kd1 Nf6 14. Rc1 Nh7 15. Nb5
Bg5 16. h4 Bxh4 17. Bxh6 Bg5 18. Bxg5 Nxg5 19. Qe3 f6 20. a4 Bd7 21. Nxd6 Nxa4
22. Nxb7 Qb8 23. Na5 Qb4 24. Nc4 Rab8 25. Nd2 Nb2+ 26. Ke1 Rfc8 27. Nc3 Bb5 28.
Be2 Bxe2 29. Kxe2 Qa5 30. Kf2 Qa6 31. Ra1 Qd3 32. Ne2 Rc2 33. Qxd3 Nxd3+ 34. Ke3
Nc5 35. Rhc1 Rxd2 36. Rxc5 Rb2 37. Nc1 Nh3 38. Rxa7 Nf4 39. Rc3 Rb4 40. Ra4 Ng2+
41. Kd3 1/2-1/2

[Event "XXXIII Miedzynarodowy Turniej Szachowy o Puchar Wojewody Dolnoslaskiego"]
[Site "Legnica"]
[Date "1899-12-30"]
[Round "5.3"]
[White "Czarnota, Pawel"]
[Black "Simantsev, Mikhail"]
[Result "1/2-1/2"]
[WhiteTitle "GM"]
[BlackTitle "GM"]
[WhiteElo "2556"]
[BlackElo "2490"]

1. e4 e5 2. Nf3 Nc6 3. Bb5 a6 4. Ba4 Nf6 5. O-O Be7 6. Re1 b5 7. Bb3 d6 8. a4 Bd7
9. c3 O-O 10. d4 h6 11. Nbd2 Re8 12. Nf1 Bf8 13. Bc2 exd4 14. Nxd4 b4 15. Ng3
bxc3 16. bxc3 g6 17. Nxc6 Bxc6 18. f3 Bg7 19. Ne2 Nd7 20. Be3 Ne5 21. Bb3 Rb8
22. Rb1 Qd7 23. Qc2 d5 24. Red1 Rxb3 25. Rxb3 Bxa4 26. Rxd5 Qc6 27. Qa2 Qc4 28.
Nc1 Bxb3 29. Qxb3 Qxb3 30. Nxb3 Rb8 1/2-1/2

[Event "XXXIII Miedzynarodowy Turniej Szachowy o Puchar Wojewody Dolnoslaskiego"]
[Site "Legnica"]
[Date "1899-12-30"]
[Round "5.4"]
[White "Kislinsky, Alexey"]
[Black "Tomczak, Mikolaj"]
[Result "0-1"]
[WhiteTitle "GM"]
[BlackTitle "FM"]
[WhiteElo "2513"]
[BlackElo "2372"]

1. e4 c5 2. Nf3 d6 3. Bb5+ Bd7 4. Bxd7+ Qxd7 5. O-O Nf6 6. Re1 Nc6 7. c3 e6 8.
d4 cxd4 9. cxd4 d5 10. e5 Ne4 11. Nbd2 Nxd2 12. Bxd2 Be7 13. Rc1 O-O 14. Rc3 Rfc8
15. a3 h6 16. h4 Bd8 17. h5 Ne7 18. Rd3 Qb5 19. Bc3 Nf5 20. g4 Ne7 21. Kh1 Ba5
22. b4 Bd8 23. Rg1 Rc4 24. a4 Qa6 25. Rg3 b6 26. Nd2 Rc7 27. b5 Qc8 28. Qf3 a6
29. Rg1 axb5 30. axb5 Qd7 31. Rb1 Nc8 32. Qg3 Ra2 33. Nf3 Ra3 34. Ne1 Bh4 35.
Qxh4 Rcxc3 36. Rxc3 Rxc3 37. Kg2 Qa7 38. Qd8+ Kh7 39. Nf3 Qa3 40. Nh2 Qa4 41.
Nf3 Qa3 42. Nh4 Qa2 43. Re1 Qd2 44. g5 Qxg5+ 45. Qxg5 hxg5 46. Nf3 Kh6 47. Rh1
Ne7 48. Kg3 f5 49. exf6 gxf6 50. Kg2 Nf5 51. Ra1 Kxh5 52. Ra6 g4 53. Nd2 g3 54.
fxg3 Rc2 55. Kf3 Nxd4+ 56. Ke3 Nxb5 57. Rxb6 Rc3+ 58. Kf2 Nd4 59. Nf1 Rc6 60.
Rb8 Kg6 61. Ne3 Ra6 62. Ng4 Ra2+ 63. Ke3 Nf5+ 64. Kf3 Ra3+ 65. Kf2 Kg7 66. Rb7+
Kg6 67. Rb8 Ra4 68. Kf3 Nh6 69. Ne3 Ra3 70. Kf2 d4 71. Nc4 Ng4+ 72. Ke1 Rxg3 73.
Nd6 f5 74. Rb4 d3 75. Nc4 Rg2 76. Rb6 Re2+ 0-1

[Event "XXXIII Miedzynarodowy Turniej Szachowy o Puchar Wojewody Dolnoslaskiego"]
[Site "Legnica"]
[Date "1899-12-30"]
[Round "5.5"]
[White "Cyborowski, Lukasz"]
[Black "Sieciechowicz, Marcin"]
[Result "1/2-1/2"]
[WhiteTitle "GM"]
[BlackTitle "IM"]
[WhiteElo "2514"]
[BlackElo "2387"]

1. c4 c6 2. d4 d5 3. Nf3 Nf6 4. Nc3 e6 5. Bg5 dxc4 6. e4 b5 7. e5 h6 8. Bh4 g5
9. exf6 gxh4 10. Ne5 Qxf6 11. a4 Bb7 12. axb5 cxb5 13. Bxc4 Bd6 14. Bxb5+ Ke7
15. Ng4 Qg5 16. d5 Rd8 17. Ne3 Nd7 18. Ba6 Bxa6 19. Rxa6 Nc5 20. Ra5 Rd7 21. b4
Qg7 22. bxc5 Qxc3+ 23. Qd2 Be5 24. d6+ Kf8 25. Ke2 Rc8 26. Ng4 Qc4+ 27. Kf3 Qc3+
28. Qe3 Qxe3+ 29. fxe3 Bc3 30. Rb5 a6 31. Rb6 h5 32. Nf2 Rxc5 33. Ne4 Rf5+ 34.
Ke2 Ba5 35. Rxa6 Rb7 36. Ra8+ Kg7 37. Kd3 Rd5+ 38. Kc2 1/2-1/2

[Event "XXXIII Miedzynarodowy Turniej Szachowy o Puchar Wojewody Dolnoslaskiego"]
[Site "Legnica"]
[Date "1899-12-30"]
[Round "6.1"]
[White "Teclaf, Pawel"]
[Black "Sieciechowicz, Marcin"]
[Result "1/2-1/2"]
[WhiteTitle "CM"]
[BlackTitle "IM"]
[WhiteElo "2393"]
[BlackElo "2387"]

1. e4 c5 2. Nf3 d6 3. d4 cxd4 4. Nxd4 Nf6 5. Nc3 a6 6. Be3 e5 7. Nb3 Be6 8. f3
h5 9. Qd2 Nbd7 10. O-O-O Qc7 11. Kb1 Be7 12. g3 Rc8 13. Nd5 Nxd5 14. exd5 Bf5
15. Bd3 Bxd3 16. cxd3 O-O 17. d4 Bf6 18. g4 exd4 19. Bxd4 Ne5 20. Qg2 Qd7 21.
h3 Bg5 22. Qf2 Ng6 23. h4 Bf4 24. Ka1 Ne5 25. Bxe5 Bxe5 26. f4 Bf6 27. g5 Bd8
28. f5 Rc4 29. Rhe1 Qa4 30. f6 g6 1/2-1/2